| 000 | 00543cas a22002055a 4500 | ||
|---|---|---|---|
| 001 | L463 | ||
| 008 | 070612c1995 xxkfr p 0 a0eng | ||
| 022 | 0 | _a1358-9180 | |
| 035 | _a(Sirsi) u99078 | ||
| 041 | _aeng | ||
| 240 | 1 | 0 | _aConstruction Procurement |
| 245 | 0 | 0 | _aJournal of Construction Procurement |
| 260 |
_aPontypridd _bUniversity of Glamorgan _c1995- |
||
| 362 | 0 | _a1(1) May 1995-8(2) November 2002 | |
| 554 | _aTwo per year | ||
| 651 | 4 | _aInternational | |
| 690 | _aBUILT ENVIRONMENT | ||
| 942 | _n0 | ||
| 948 | _c27/06/1997 | ||
| 999 |
_c118643 _d118643 |
||